000 00709nas a2200241 4500
001 BR8203039
003 BR-BrBNA
005 20231205085202.0
007 ta
008 230509b bl.|||p| |||| 00| 00por d
040 _aBR-BrBNA
_bpor
_cBiblioteca Nacional de Agricultura
041 _a(Pt)
072 _aL30
100 1 _aMatos, L.L. de
245 1 _aCriacao de bezerros a pasto
650 _aBEZERRO
650 _aCRIACAO
650 _aPASTAGEM
650 _aGANHO DE PESO
773 0 _tInforme Agropecuario - Empresa de Pesquisa Agropecuaria de Minas Gerais (Brazil)
_xISSN 0100-3364
_g(Nov 1982), v. 8(95) p. 8-11
_wBR8203039
909 _a202311
_bLúcia
_c55
_dLúcia Elande
942 _2AGRIS
_n0
_cANA
999 _c109816
_d109816